Integration of slums into the community : A case study of Gulbarga city (Karnataka state) (Record no. 15834)

MARC details
000 -LEADER
fixed length control field 00531nam a2200169Ia 4500
082 ## - DEWEY DECIMAL CLASSIFICATION NUMBER
Classification number TD.0050
100 ## - MAIN ENTRY--AUTHOR NAME
Personal name Dhadave, Mallikarjun Shankarap
245 #0 - TITLE STATEMENT
Title Integration of slums into the community : A case study of Gulbarga city (Karnataka state)
260 ## - PUBLICATION, DISTRIBUTION, ETC. (IMPRINT)
Year of publication 1978
Name of publisher Bhagalpur University
300 ## - PHYSICAL DESCRIPTION
Number of Pages 389p.
650 ## - SUBJECT ADDED ENTRY--TOPICAL TERM
Topical Term GULBARGA
650 ## - SUBJECT ADDED ENTRY--TOPICAL TERM
Topical Term SLUMS - KARNATAKA - GULBARGA
650 ## - SUBJECT ADDED ENTRY--TOPICAL TERM
Topical Term SOCIAL MOBILITY - KARNATAKA - GULBARGA
650 ## - SUBJECT ADDED ENTRY--TOPICAL TERM
Topical Term CITIES AND TOWNS - KARNATAKA///GULBARGA
710 ## - ADDED ENTRY--CORPORATE NAME
Corporate name or jurisdiction name as entry element Thakur, R.N.
942 ## - ADDED ENTRY ELEMENTS (KOHA)
Koha item type Thesis
Source of classification or shelving scheme Dewey Decimal Classification
Holdings
Withdrawn status Lost status Damaged status Not for loan Home library Current library Date acquired Full call number Accession Number Price effective from Koha item type
        NASSDOC Library NASSDOC Library 08/10/2004 TD.0050 12738 18/04/2019 Thesis